| 000 -CABECERA |
| Longitud fija campo de control |
01349cas a2200385 a 4500 |
| 001 - NÚMERO DE CONTROL |
| Número de control |
991043404149706706 |
| 003 - IDENTIFICADOR DEL NÚMERO DE CONTROL |
| Identificador del número de control |
OSt |
| 005 - FECHA Y HORA DE LA ÚLTIMA TRANSACCIÓN |
| Fecha y hora de la última transacción |
20240223131736.0 |
| 007 - CAMPO FIJO DE DESCRIPCIÓN FÍSICA |
| Campo fijo de descripción f&íacute;sica |
cr#||||||||||| |
| 008 - CÓDIGOS DE INFORMACIÓN DE LONGITUD FIJA |
| Códigos de información de longitud fija |
120510c20129999sp ar pso|||||0|| b0mul|c |
| 022 ## - NÚMERO INTERNACIONAL NORMALIZADO PARA PUBLICACIONES SERIADAS |
| Número Internacional Normalizado para Publicaciones Seriadas |
2014-6752 |
| ISSN-L |
2014-6752 |
| 035 ## - NÚMERO DE CONTROL DEL SISTEMA |
| Número de control del sistema |
(ES-BaCBU).b52721103 |
| 040 ## - FUENTE DE LA CATALOGACIÓN |
| Centro catalogador de origen |
ES-BaCBU |
| Lengua de catalogación |
cat |
| Centro transcriptor |
CDMR |
| 041 0# - CÓDIGO DE LENGUA |
| Código de lengua del texto/banda sonora o título independiente |
spa |
| -- |
eng |
| 044 ## - CÓDIGO DEL PAÍS DE LA ENTIDAD EDITORA/PRODUCTORA |
| Código ISO del país |
esp |
| 080 ## - NÚMERO DE LA CLASIFICACIÓN DECIMAL UNIVERSAL |
| Número de la Clasificación Decimal Universal |
316.77(05) |
| 080 ## - NÚMERO DE LA CLASIFICACIÓN DECIMAL UNIVERSAL |
| Número de la Clasificación Decimal Universal |
659.1(05) |
| 245 00 - MENCIÓN DE TÍTULO |
| Título |
Communication papers |
| Medio |
[Recurs electrònic] : |
| Resto del título |
media literacy & gender studies = Perspectivas en comunicación |
| 260 ## - PUBLICACIÓN, DISTRIBUCIÓN, ETC. (PIE DE IMPRENTA) |
| Lugar de publicación, distribución, etc. |
Girona : |
| Nombre del editor, distribuidor, etc. |
Universitat de Girona : |
| -- |
ARPA, |
| Fecha de publicación, distribución, etc. |
2012- |
| 310 ## - PERIODICIDAD ACTUAL |
| Periodicidad actual |
Semestral |
| 362 0# - FECHAS DE PUBLICACIÓN Y/O DESIGNACIÓN SECUENCIAL |
| Fecha de publicación y/o designación secuencial |
Vol. 1, no. 1 (oct./nov. 2012)- |
| 500 ## - NOTA GENERAL |
| Nota general |
Descripció del recurs: el 10 maig 2012 |
| 504 ## - NOTA DE BIBLIOGRAFÍA, ETC |
| Nota de bibliografía, etc. |
Referències bibliogràfiques |
| 546 ## - NOTA DE LENGUA |
| Nota de lengua |
Textos en castellà i anglès |
| 650 #7 - PUNTO DE ACCESO ADICIONAL DE MATERIA - TÉRMINO DE MATERIA |
| Término de materia o nombre geográfico como elemento inicial |
Comunicació audiovisual |
| Subdivisión de materia general |
Revistes. |
| Fuente del encabezamiento o término |
lemac |
| 650 #0 - PUNTO DE ACCESO ADICIONAL DE MATERIA - TÉRMINO DE MATERIA |
| Término de materia o nombre geográfico como elemento inicial |
Estudis de dones |
| Subdivisión de materia general |
Revistes |
| 9 (RLIN) |
3167 |
| 710 2# - PUNTO DE ACCESO ADICIONAL - NOMBRE DE ENTIDAD |
| Nombre de entidad o nombre de jurisdicción como elemento inicial |
ARPA. |
| 710 1# - PUNTO DE ACCESO ADICIONAL - NOMBRE DE ENTIDAD |
| Nombre de entidad o nombre de jurisdicción como elemento inicial |
Universitat de Girona |
| 9 (RLIN) |
3937 |
| 752 ## - PUNTO DE ACCESO ADICIONAL - NOMRE JER´RQUICO DE LUGAR |
| País o entidad superior |
Catalunya |
| Jurisdicción política de primer nivel |
Girona (Província) |
| Jurisdicción política intermedia |
Gironès |
| Ciudad |
Girona |
| 856 40 - LOCALIZACIÓN Y ACCESO ELECTRÓNICO |
| Nota pública |
Accés lliure |
| Identificador Uniforme del Recurso (URI) |
<a href="https://communicationpapers.revistes.udg.edu/issue/archive">https://communicationpapers.revistes.udg.edu/issue/archive</a> |
| 907 ## - ELEMENTO G DATOS LOCALES, GDL (RLIN) |
| a |
.b52721103 |
| b |
18-06-21 |
| c |
10-05-12 |
| d |
20-12-12 |
| e |
s |
| f |
v |
| g |
- |
| h |
spa |
| i |
spc |
| j |
0 |
| k |
1 |
| 908 ## - CONTROL DE PARÁMETROS (RLIN) |
| Parametro de comando lanzado |
UdG |
| -- |
UPF |
| -- |
UB |
| -- |
UPC |
| -- |
UdL |
| -- |
URV |
| -- |
UVic-UCC |
| -- |
UAB |
| -- |
BC |
| 940 ## - |
| T&íacute;tulo uniforme |
<a href="BC">BC</a> |
| 942 ## - ENTRADA DE ELEMENTOS AGREGADOS (KOHA) |
| Fuente de clasificaión o esquema |
|
| Koha [por defecto] tipo de item |
Publicacions periòdiques en línia |